000 00471nam a2200181Ia 4500
008 230711s9999||||xx |||||||||||||| ||und||
020 _a978-81-8473-192-7
041 _aENG
082 _a616.07
_bTA-P
100 _aTandon,O.P
245 0 _aBest and Taylors Physiological Basis of Medical Practice
250 _a13th Ed.
260 _c2012
_aNew Delhi
_bWolters Kluwer(India) Pvt.Ltd
300 _a1283p.
650 _aPharmacy
700 _aTripathi,Y
942 _cBK
999 _c7273
_d7273